000 00234nam a2200109Ia 4500
008 200302s9999 xx 000 0 und d
100 _aAuthor
245 _aSky Landscape
260 _bCA Press Co.
260 _c2009
300 _a256 P.,
999 _c2763
_d2763